[Event "Titled Tuesday intern op 01st Sept"]
[Site "Chess.com INT"]
[Date "2020.09.01"]
[Round "5"]
[White "Bujisho, Benjamin"]
[Black "Vinokur, Yuliya"]
[Result "1/2-1/2"]
[WhiteElo "2290"]
[BlackElo "2022"]
[PlyCount "104"]
[EventDate "2020.09.01"]
[EventType "swiss (blitz)"]
[EventRounds "10"]
[EventCountry "USA"]
[SourceTitle "CBM 198 Extra"]
[Source "ChessBase"]
[SourceDate "2020.11.30"]
[SourceVersion "1"]
[SourceVersionDate "2020.11.30"]
[SourceQuality "1"]

1. e4 e5 2. Nc3 Nf6 3. Bc4 Nxe4 4. Nxe4 d5 5. Bd3 dxe4 6. Bxe4 Bd6 7. d3 Nd7 8. Ne2 Nf6 9. Bf3 c6 10. 0-0 0-0 11. Ng3 h6 12. Re1 Qc7 13. c3 Be6 14. Ne4 Nxe4 15. dxe4 Rad8 16. Qe2 Bc5 17. Be3 Bxe3 18. Qxe3 Qb6 19. Qe2 Rd7 20. b3 Rfd8 21. Rad1 Qa5 22. Rxd7 Rxd7 23. Qc2 Qa3 24. h3 a5 25. Bg4 Bxg4 26. hxg4 Qc5 27. Re3 Qd6 28. Kh2 Qd1 29. Re2 Qxc2 30. Rxc2 Rd3 31. f3 Kf8 32. Kg3 Ke7 33. Kf2 Rd1 34. Ke2 Rg1 35. Kd3 Kd6 36. b4 axb4 37. cxb4 Rb1 38. Kc3 Ke6 39. a4 Kd6 40. a5 Kc7 41. Kc4 b6 42. axb6+ Kxb6 43. Rd2 Rc1+ 44. Kb3 Kc7 45. Ra2 Kb7 46. Rd2 Kc7 47. Rf2 f6 48. Ra2 Kb7 49. Kb2 Rc4 50. Kb3 Rc1 51. Rd2 Kc7 52. Ra2 Kb7 1/2-1/2

[Event "Titled Tuesday intern op 01st Sept"]
[Site "Chess.com INT"]
[Date "2020.09.01"]
[Round "7"]
[White "Gretarsson, Helgi Ass"]
[Black "Vinokur, Yuliya"]
[Result "1-0"]
[WhiteElo "2401"]
[BlackElo "2022"]
[PlyCount "99"]
[EventDate "2020.09.01"]
[EventType "swiss (blitz)"]
[EventRounds "10"]
[EventCountry "USA"]
[SourceTitle "CBM 198 Extra"]
[Source "ChessBase"]
[SourceDate "2020.11.30"]
[SourceVersion "1"]
[SourceVersionDate "2020.11.30"]
[SourceQuality "1"]

1. d4 Nf6 2. c4 g6 3. Nc3 Bg7 4. e4 d6 5. f4 0-0 6. Nf3 c5 7. dxc5 Qa5 8. Bd3 Qxc5 9. Qe2 Bg4 10. Be3 Qa5 11. 0-0 Nc6 12. Rac1 Rac8 13. h3 Bxf3 14. Qxf3 Nd7 15. Qf2 Nc5 16. Bb1 Qb4 17. e5 Qxc4 18. Rfd1 Qe6 19. Nd5 b6 20. b4 Nxb4 21. Nxb4 dxe5 22. f5 Qf6 23. Nd5 Qd6 24. Bg5 Nd3 25. Nxe7+ Qxe7 26. Bxe7 Nxf2 27. Kxf2 Rfe8 28. f6 Bh6 29. Rxc8 Rxc8 30. Be4 Bg5 31. Rd8+ Rxd8 32. Bxd8 Kf8 33. Be7+ Kg8 34. g3 a5 35. h4 Bd2 36. a4 Bc3 37. Ke2 h6 38. g4 h5 39. gxh5 gxh5 40. Bf3 Bb2 41. Kd3 Bd4 42. Ke2 Bb2 43. Bxh5 Bc3 44. Bf3 Bb4 45. Be4 Bc3 46. h5 Bb4 47. h6 Kh8 48. Kd3 Be1 49. Bf8 Bh4 50. Bg7+ 1-0

[Event "Titled Tuesday intern op 01st Sept"]
[Site "Chess.com INT"]
[Date "2020.09.01"]
[Round "10"]
[White "Shuvalova, Polina"]
[Black "Vinokur, Yuliya"]
[Result "1-0"]
[WhiteElo "2454"]
[BlackElo "2022"]
[PlyCount "45"]
[EventDate "2020.09.01"]
[EventType "swiss (blitz)"]
[EventRounds "10"]
[EventCountry "USA"]
[SourceTitle "CBM 198 Extra"]
[Source "ChessBase"]
[SourceDate "2020.11.30"]
[SourceVersion "1"]
[SourceVersionDate "2020.11.30"]
[SourceQuality "1"]

1. e4 d5 2. exd5 Nf6 3. Nc3 Bg4 4. Be2 Bf5 5. Nf3 Nxd5 6. 0-0 Nxc3 7. bxc3 e6 8. Rb1 b6 9. Ne5 Bd6 10. d4 0-0 11. Bf3 c6 12. Qe2 Qc7 13. g3 Bxe5 14. dxe5 Nd7 15. Bf4 Rac8 16. h4 Nc5 17. g4 Qe7 18. gxf5 Qxh4 19. Bg3 Qa4 20. Rb4 Qxa2 21. f6 Nd7 22. Rg4 g6 23. Qd2 1-0

[Event "Titled Tuesday intern op 01st Sept"]
[Site "Chess.com INT"]
[Date "2020.09.01"]
[Round "1"]
[White "Vinokur, Yuliya"]
[Black "Lazavik, Denis"]
[Result "1/2-1/2"]
[WhiteElo "2022"]
[BlackElo "2424"]
[PlyCount "104"]
[EventDate "2020.09.01"]
[EventType "swiss (blitz)"]
[EventRounds "10"]
[EventCountry "USA"]
[SourceTitle "CBM 198 Extra"]
[Source "ChessBase"]
[SourceDate "2020.11.30"]
[SourceVersion "1"]
[SourceVersionDate "2020.11.30"]
[SourceQuality "1"]

1. e4 e5 2. Bc4 Nf6 3. d3 Bc5 4. Nc3 d6 5. f4 0-0 6. Nf3 c6 7. fxe5 dxe5 8. a4 Qd6 9. a5 Be6 10. Bxe6 Qxe6 11. Qe2 Nbd7 12. Be3 b5 13. 0-0 a6 14. Nh4 Qg4 15. Nf5 Qxe2 16. Nxe2 Bxe3+ 17. Nxe3 g6 18. Rf2 Kg7 19. Raf1 Ne8 20. g4 Nc7 21. Ng3 Ne6 22. h4 Nf4 23. Kh2 Nc5 24. g5 f6 25. Ng4 fxg5 26. hxg5 Rae8 27. d4 Nd7 28. dxe5 Ne6 29. Nf6 Rd8 30. Nxd7 Rxf2+ 31. Rxf2 Rxd7 32. Rf6 Rd2+ 33. Kg1 Nxg5 34. Rxc6 h5 35. Rxa6 h4 36. Ra7+ Kh6 37. Nf1 Nf3+ 38. Kh1 Rf2 39. Rf7 Rxf1+ 40. Kg2 Rc1 41. Rxf3 Rxc2+ 42. Kh3 g5 43. e6 Kh5 44. Rf5 Re2 45. Re5 Re3+ 46. Kg2 h3+ 47. Kh2 Kg4 48. e7 Re2+ 49. Kh1 Re1+ 50. Kh2 Re2+ 51. Kh1 Re1+ 52. Kh2 Re2+ 1/2-1/2

[Event "Titled Tuesday intern op 01st Sept"]
[Site "Chess.com INT"]
[Date "2020.09.01"]
[Round "4"]
[White "Vinokur, Yuliya"]
[Black "Suleymanli, Aydin Elshan"]
[Result "1-0"]
[WhiteElo "2022"]
[BlackElo "2512"]
[PlyCount "39"]
[EventDate "2020.09.01"]
[EventType "swiss (blitz)"]
[EventRounds "10"]
[EventCountry "USA"]
[SourceTitle "CBM 198 Extra"]
[Source "ChessBase"]
[SourceDate "2020.11.30"]
[SourceVersion "1"]
[SourceVersionDate "2020.11.30"]
[SourceQuality "1"]

1. e4 c6 2. Nc3 d5 3. Qe2 a6 4. d4 e6 5. Nf3 Nf6 6. g3 c5 7. exd5 cxd4 8. Nxd4 Bb4 9. Bg2 Nxd5 10. 0-0 Nxc3 11. bxc3 Bxc3 12. Ba3 Bxd4 13. Rad1 Nc6 14. c3 Qa5 15. Bxc6+ bxc6 16. Qe4 Qxa3 17. Qxc6+ Ke7 18. Rxd4 Ra7 19. Rfd1 f5 20. Ra4 1-0

[Event "Titled Tuesday intern op 26th May"]
[Site "Chess.com INT"]
[Date "2020.05.26"]
[Round "4"]
[White "Aliavdin, Nikolai"]
[Black "Vinokur, Yuliya"]
[Result "0-1"]
[WhiteElo "2315"]
[BlackElo "2022"]
[PlyCount "120"]
[EventDate "2020.05.26"]
[EventType "swiss (blitz)"]
[EventRounds "10"]
[EventCountry "USA"]
[SourceTitle "CBM 196 Extra"]
[Source "ChessBase"]
[SourceDate "2020.07.31"]
[SourceVersion "1"]
[SourceVersionDate "2020.07.31"]
[SourceQuality "1"]

1. e4 c5 2. Nf3 e6 3. c3 Nf6 4. e5 Nd5 5. d4 cxd4 6. cxd4 Bb4+ 7. Bd2 Bxd2+ 8. Qxd2 d6 9. Bd3 Nc6 10. 0-0 0-0 11. Nc3 dxe5 12. dxe5 Ndb4 13. Rad1 Nxd3 14. Qxd3 Qxd3 15. Rxd3 b6 16. Rfd1 Ne7 17. Ng5 Ng6 18. Re1 Bb7 19. g3 Rad8 20. Rxd8 Rxd8 21. f4 Rd2 22. Re2 Rxe2 23. Nxe2 h6 24. Nh3 Ne7 25. Nc3 Kf8 26. Kf2 Ke8 27. Ke3 Kd7 28. Nf2 Nf5+ 29. Kd3 Ba6+ 30. Kd2 Bb7 31. g4 Nh4 32. Ke2 f6 33. exf6 gxf6 34. h3 e5 35. fxe5 fxe5 36. Kd3 Ng2 37. Nce4 Nf4+ 38. Ke3 Ke6 39. h4 Ng2+ 40. Kf3 Nxh4+ 41. Kg3 Ng6 42. Nc3 Nf4 43. Kh4 a6 44. g5 hxg5+ 45. Kxg5 b5 46. b4 Nd5 47. Nxd5 Bxd5 48. a3 Bf3 49. Kh4 Kd5 50. Kg3 e4 51. Kf4 Kc4 52. Ke3 Kb3 53. Kd4 Kxa3 54. Kc3 e3 55. Nd3 e2 56. Ne1 Be4 57. Kd2 Kxb4 58. Kxe2 a5 59. Kd2 a4 60. Kc1 Kb3 0-1

[Event "Titled Tuesday intern op 26th May"]
[Site "Chess.com INT"]
[Date "2020.05.26"]
[Round "2"]
[White "Vinokur, Yuliya"]
[Black "Chan, Yi Ren Daniel"]
[Result "1-0"]
[WhiteElo "2022"]
[BlackElo "2316"]
[PlyCount "63"]
[EventDate "2020.05.26"]
[EventType "swiss (blitz)"]
[EventRounds "10"]
[EventCountry "USA"]
[SourceTitle "CBM 196 Extra"]
[Source "ChessBase"]
[SourceDate "2020.07.31"]
[SourceVersion "1"]
[SourceVersionDate "2020.07.31"]
[SourceQuality "1"]

1. e4 e5 2. Nf3 d6 3. d4 Nf6 4. Nc3 Nbd7 5. Bc4 Be7 6. Ng5 0-0 7. Bxf7+ Rxf7 8. Ne6 Qe8 9. Nxc7 Qd8 10. Nxa8 b6 11. dxe5 dxe5 12. Nd5 Bb7 13. Nac7 Nxe4 14. 0-0 Bc5 15. Be3 Qh4 16. f3 Ng5 17. Qe1 Qh5 18. c4 Qg6 19. Bxc5 Nxc5 20. Kh1 Nd3 21. Qe3 e4 22. fxe4 Nxe4 23. Rxf7 Qxf7 24. Qe2 h5 25. Kg1 Ndc5 26. Rf1 Qd7 27. Qxh5 b5 28. Qe5 Bxd5 29. Nxd5 Ne6 30. Qxe4 bxc4 31. Qxc4 Qd6 32. Nf4 1-0

[Event "Titled Tuesday intern op 19th May"]
[Site "Chess.com INT"]
[Date "2020.05.19"]
[Round "2"]
[White "Molina, Roberto Junio Brito"]
[Black "Vinokur, Yuliya"]
[Result "1-0"]
[WhiteElo "2434"]
[BlackElo "2022"]
[PlyCount "65"]
[EventDate "2020.05.19"]
[EventType "swiss (blitz)"]
[EventRounds "10"]
[EventCountry "USA"]
[SourceTitle "EXT 2021"]
[Source "ChessBase"]
[SourceDate "2020.10.23"]
[SourceVersion "1"]
[SourceVersionDate "2020.10.23"]
[SourceQuality "1"]

1. d4 Nf6 2. c4 g6 3. Nc3 Bg7 4. e4 d6 5. f3 e5 6. d5 Nfd7 7. Be3 Bh6 8. Qd2 Bxe3 9. Qxe3 a5 10. g3 Na6 11. h4 h5 12. Nh3 Ndc5 13. Nf2 Bd7 14. 0-0-0 a4 15. Kb1 a3 16. b3 Nb4 17. Rd2 c6 18. dxc6 Bxc6 19. Bh3 0-0 20. Rhd1 Qa5 21. g4 hxg4 22. Nxg4 b5 23. Qh6 Nd7 24. Rxd6 Qd8 25. Rxd7 Bxd7 26. Rxd7 Qb6 27. c5 Qe6 28. Rd6 Qe7 29. Nf6+ Qxf6 30. Rxf6 Rad8 31. Rxg6+ fxg6 32. Be6+ Rf7 33. Qxg6+ 1-0

[Event "Titled Tuesday intern op 12th May"]
[Site "Chess.com INT"]
[Date "2020.05.12"]
[Round "1"]
[White "Vinokur, Yuliya"]
[Black "Radovanovic, Nikola"]
[Result "0-1"]
[WhiteElo "2022"]
[BlackElo "2389"]
[PlyCount "98"]
[EventDate "2020.05.12"]
[EventType "swiss (blitz)"]
[EventRounds "10"]
[EventCountry "USA"]
[SourceTitle "EXT 2021"]
[Source "ChessBase"]
[SourceDate "2020.10.23"]
[SourceVersion "1"]
[SourceVersionDate "2020.10.23"]
[SourceQuality "1"]

1. g3 Nf6 2. Bg2 g6 3. e4 d6 4. d4 Bg7 5. Nc3 0-0 6. Nge2 e5 7. Be3 Nc6 8. h3 Re8 9. d5 Ne7 10. Qd2 c6 11. dxc6 bxc6 12. Rd1 d5 13. exd5 cxd5 14. Bg5 e4 15. 0-0 Bb7 16. Nd4 Qb6 17. Be3 Qc7 18. Ndb5 Qc6 19. Nd4 Qd7 20. Nb3 Qc7 21. Nb5 Qd7 22. a4 Bc6 23. Nc5 Qd8 24. Na6 Bxb5 25. axb5 Nf5 26. Bf4 Qb6 27. Nc7 Rad8 28. Nxe8 Rxe8 29. Be3 Qxb5 30. Bxa7 Qxb2 31. Bd4 Nxd4 32. Qxd4 Qxc2 33. Rc1 Qe2 34. Rfe1 Qa6 35. Bf1 Qe6 36. Rc7 h5 37. h4 Ng4 38. Qa4 Rf8 39. Bg2 Nxf2 40. Rc6 Qf5 41. Rf1 e3 42. Qf4 Qxf4 43. gxf4 d4 44. Rd6 Ng4 45. f5 Re8 46. fxg6 fxg6 47. Bf3 Ne5 48. Bd5+ Kh7 49. Bc4 Nxc4 0-1

[Event "Isolated Queens Internet op 2nd"]
[Site "Chess.com INT"]
[Date "2020.05.02"]
[Round "9"]
[White "Vinokur, Yuliya"]
[Black "Paehtz, Elisabeth"]
[Result "0-1"]
[WhiteElo "2022"]
[BlackElo "2473"]
[PlyCount "82"]
[EventDate "2020.05.02"]
[EventType "swiss"]
[EventRounds "10"]
[EventCountry "USA"]
[SourceTitle "CBM 195 Extra"]
[Source "ChessBase"]
[SourceDate "2020.05.31"]
[SourceVersion "1"]
[SourceVersionDate "2020.05.31"]
[SourceQuality "1"]

1. d4 g6 2. e4 Bg7 3. Nc3 d6 4. Bg5 a6 5. Qd2 h6 6. Be3 Nd7 7. g3 b5 8. Bg2 b4 9. Nce2 Rb8 10. Nc1 a5 11. Nd3 Ngf6 12. f3 Ba6 13. Ne2 c6 14. 0-0 Qc7 15. Rfc1 c5 16. c3 cxd4 17. cxd4 Qb7 18. d5 0-0 19. Bd4 Ne8 20. Bxg7 Kxg7 21. Kh1 Bxd3 22. Qxd3 Nef6 23. Nd4 Nc5 24. Qe3 Qb6 25. Nc6 Rb7 26. Qd4 Kh7 27. Nxe7 Rxe7 28. Qxf6 Rfe8 29. Qd4 Qb5 30. Bf1 Qb6 31. Bd3 h5 32. h4 Re5 33. f4 Rxe4 34. Bxe4 Rxe4 35. Qf2 Qb7 36. Rxc5 dxc5 37. Qxc5 Qd7 38. Kg2 Re2+ 39. Kf1 Rd2 40. Qe3 Qxd5 41. Re1 Qh1+ 0-1

[Event "Isolated Queens Internet op 2nd"]
[Site "Chess.com INT"]
[Date "2020.05.02"]
[Round "3"]
[White "Yip, Carissa"]
[Black "Vinokur, Yuliya"]
[Result "0-1"]
[WhiteElo "2420"]
[BlackElo "2022"]
[PlyCount "104"]
[EventDate "2020.05.02"]
[EventType "swiss"]
[EventRounds "10"]
[EventCountry "USA"]
[SourceTitle "CBM 195 Extra"]
[Source "ChessBase"]
[SourceDate "2020.05.31"]
[SourceVersion "1"]
[SourceVersionDate "2020.05.31"]
[SourceQuality "1"]

1. e4 c5 2. Nf3 e6 3. d4 cxd4 4. Nxd4 Nf6 5. Nc3 Nc6 6. Ndb5 Bc5 7. Bf4 0-0 8. Bc7 Qe7 9. Bd6 Bxd6 10. Qxd6 Qd8 11. 0-0-0 a6 12. Nd4 Qb6 13. Nxc6 bxc6 14. f3 Ne8 15. Qd4 Qxd4 16. Rxd4 d5 17. Rd2 Nf6 18. Be2 Bb7 19. Rhd1 c5 20. exd5 exd5 21. Bd3 Rfe8 22. Na4 Rac8 23. Bf5 Rc7 24. Nb6 d4 25. Nc4 Bd5 26. Bd3 Nh5 27. Nb6 Bb7 28. Bc4 Nf4 29. g3 Ng6 30. f4 Rb8 31. c3 Bf3 32. Rf1 Rxb6 33. Rxf3 Rd6 34. Rfd3 Rcd7 35. Kc2 Ne7 36. cxd4 cxd4 37. a3 Nf5 38. Kb1 Ne3 39. Bb3 Kf8 40. Ba4 Rd8 41. b4 Nd5 42. Kb2 Nc3 43. Bb3 Ke7 44. Bc4 f5 45. Kb3 Ne4 46. Re2 Kf6 47. Re1 Rb8 48. Red1 Nc5+ 49. Kc2 Nxd3 50. Kxd3 Re8 51. Kc2 Re3 52. Rd2 Rc3+ 0-1

[Event "Isolated Queens Internet op 2nd"]
[Site "Chess.com INT"]
[Date "2020.05.02"]
[Round "4"]
[White "Zatonskih, Anna"]
[Black "Vinokur, Yuliya"]
[Result "0-1"]
[WhiteElo "2420"]
[BlackElo "2022"]
[PlyCount "78"]
[EventDate "2020.05.02"]
[EventType "swiss"]
[EventRounds "10"]
[EventCountry "USA"]
[SourceTitle "CBM 195 Extra"]
[Source "ChessBase"]
[SourceDate "2020.05.31"]
[SourceVersion "1"]
[SourceVersionDate "2020.05.31"]
[SourceQuality "1"]

1. d4 Nf6 2. Nf3 g6 3. g3 Bg7 4. Bg2 0-0 5. 0-0 d6 6. b3 Nbd7 7. Bb2 e5 8. c4 Re8 9. e3 c6 10. Nc3 e4 11. Nd2 d5 12. cxd5 cxd5 13. Rc1 a6 14. Na4 Nf8 15. Ba3 Ne6 16. f4 exf3 17. Nxf3 Ng4 18. Re1 Ng5 19. Nxg5 Qxg5 20. Nb6 Rxe3 21. Bc5 Bh6 22. Rc3 Qf5 23. Rcxe3 Bxe3+ 24. Rxe3 Nxe3 25. Qe1 Bd7 26. Nxa8 Nxg2 27. Kxg2 Qc2+ 28. Kf3 h5 29. h3 Qf5+ 30. Kg2 Qxh3+ 31. Kg1 h4 32. Qf2 hxg3 33. Qg2 Qg4 34. Nb6 Bb5 35. Qd2 Qf3 36. Nc4 dxc4 37. bxc4 Bxc4 38. Qe1 Bd5 39. Qe8+ Kh7 0-1

[Event "Titled Tuesday intern op 4th Febr"]
[Site "Chess.com INT"]
[Date "2020.02.04"]
[Round "5"]
[White "Piotrowski, Przemyslaw"]
[Black "Vinokur, Yuliya"]
[Result "0-1"]
[WhiteElo "2274"]
[BlackElo "2022"]
[PlyCount "98"]
[EventDate "2020.02.04"]
[EventType "swiss (blitz)"]
[EventRounds "10"]
[EventCountry "USA"]
[SourceTitle "EXT 2021"]
[Source "ChessBase"]
[SourceDate "2020.10.23"]
[SourceVersion "1"]
[SourceVersionDate "2020.10.23"]
[SourceQuality "1"]

1. e4 e5 2. Nf3 Nc6 3. Bc4 Bc5 4. Nc3 Nf6 5. d3 h6 6. Be3 Bb6 7. Qe2 d6 8. h3 Qe7 9. a3 Be6 10. Bxe6 Qxe6 11. Nh4 Nd4 12. Bxd4 Bxd4 13. Nf5 Bxc3+ 14. bxc3 0-0 15. c4 c6 16. Rb1 b6 17. 0-0 d5 18. cxd5 cxd5 19. Rb5 Rac8 20. a4 Rfe8 21. a5 Qc6 22. Rfb1 dxe4 23. axb6 axb6 24. Rxb6 Qxc2 25. Qxc2 Rxc2 26. Nd6 Rd8 27. Nxe4 Nxe4 28. dxe4 Rdd2 29. Rf1 Rd4 30. Rb8+ Kh7 31. Rb3 Rxe4 32. Rf3 f6 33. Ra1 Rec4 34. Ra7 Rc7 35. Ra8 Rc1+ 36. Kh2 R1c4 37. Raa3 Rc2 38. g3 Rc1 39. h4 h5 40. Ra8 R1c3 41. Kg2 Rxf3 42. Kxf3 Rc3+ 43. Ke4 Kg6 44. Ra6 Rc2 45. Ke3 Rc4 46. Ra7 Rc3+ 47. Kd2 Rf3 48. Ke2 Rb3 49. Rb7 Rxb7 0-1

[Event "Titled Tuesday intern op 4th Febr"]
[Site "Chess.com INT"]
[Date "2020.02.04"]
[Round "1"]
[White "Vinokur, Yuliya"]
[Black "Atanejhad, Sahebali"]
[Result "0-1"]
[WhiteElo "2022"]
[BlackElo "2123"]
[PlyCount "96"]
[EventDate "2020.02.04"]
[EventType "swiss (blitz)"]
[EventRounds "10"]
[EventCountry "USA"]
[SourceTitle "EXT 2021"]
[Source "ChessBase"]
[SourceDate "2020.10.23"]
[SourceVersion "1"]
[SourceVersionDate "2020.10.23"]
[SourceQuality "1"]

1. e4 e5 2. Bc4 Nf6 3. d3 c6 4. Nf3 d6 5. h3 Be7 6. 0-0 0-0 7. Bg5 Nbd7 8. Nc3 Re8 9. Re1 Nf8 10. d4 Qc7 11. Bh4 Ng6 12. Bg3 h6 13. Qd2 Nh5 14. Rad1 Nxg3 15. fxg3 exd4 16. Nxd4 Ne5 17. Bb3 Bg5 18. Qf2 b5 19. Nf3 Bf6 20. g4 Be6 21. Ne2 Nxf3+ 22. Qxf3 Bxb2 23. c3 Ba3 24. Kh1 a5 25. Nf4 a4 26. Nxe6 fxe6 27. Bc2 e5 28. Qf5 Rf8 29. Qh5 Qe7 30. Rf1 Bb2 31. Qg6 Rad8 32. Rxf8+ Qxf8 33. Qe6+ Qf7 34. Qxf7+ Kxf7 35. Rd3 Ke6 36. Kg1 Rf8 37. Bd1 d5 38. Bf3 d4 39. cxd4 exd4 40. Rd1 c5 41. Rb1 a3 42. Kf2 c4 43. Ke2 Ke5 44. Rd1 Rd8 45. Kd2 Kf4 46. Kc2 d3+ 47. Kd2 c3+ 48. Ke1 c2 0-1

[Event "Eurasia Cup op"]
[Site "Ekaterinburg"]
[Date "2019.08.08"]
[Round "9"]
[White "Vinokur, Yuliya"]
[Black "Kudriavtseva, Natalia"]
[Result "1-0"]
[WhiteElo "2013"]
[BlackElo "1838"]
[PlyCount "77"]
[EventDate "2019.07.31"]
[EventType "swiss"]
[EventRounds "9"]
[EventCountry "RUS"]
[SourceTitle "EXT 2020"]
[Source "ChessBase"]
[SourceDate "2019.10.17"]
[SourceVersion "1"]
[SourceVersionDate "2019.10.17"]
[SourceQuality "1"]

1. d4 d5 2. c4 e6 3. Nf3 Nf6 4. g3 Be7 5. Bg2 0-0 6. 0-0 c6 7. Nc3 Nbd7 8. Qc2 dxc4 9. a4 a5 10. e4 Nb6 11. Rd1 Nfd7 12. Bf4 h6 13. Qe2 Bf6 14. Rac1 g5 15. Be3 Qe7 16. Nd2 Qb4 17. e5 Bg7 18. Nde4 Nd5 19. Nd6 N7b6 20. Nce4 Qxa4 21. Qh5 f5 22. exf6 Nxf6 23. Nxf6+ Rxf6 24. h4 gxh4 25. Ne8 c5 26. Nxf6+ Bxf6 27. dxc5 Nd5 28. Bxd5 exd5 29. Qg6+ Bg7 30. Bxh6 Qd7 31. Rxd5 Ra6 32. Rxd7 Rxg6 33. Rd8+ Kf7 34. Bxg7 Be6 35. Be5 h3 36. Rc3 Ke7 37. Rd6 Rg5 38. Rdd3 Kf7 39. Rf3+ 1-0

[Event "Eurasia Cup op"]
[Site "Ekaterinburg"]
[Date "2019.08.06"]
[Round "6"]
[White "Druchenko, Mikhail"]
[Black "Vinokur, Yuliya"]
[Result "1-0"]
[WhiteElo "1829"]
[BlackElo "2013"]
[PlyCount "67"]
[EventDate "2019.07.31"]
[EventType "swiss"]
[EventRounds "9"]
[EventCountry "RUS"]
[SourceTitle "CBM 191 Extra"]
[Source "ChessBase"]
[SourceDate "2019.09.30"]
[SourceVersion "1"]
[SourceVersionDate "2019.09.30"]
[SourceQuality "1"]

1. e4 c6 2. d4 d5 3. e5 Bf5 4. h4 h5 5. Bd3 Bxd3 6. Qxd3 e6 7. Nf3 Qa5+ 8. Nbd2 Qa6 9. c4 Ne7 10. b3 Nf5 11. a4 Nd7 12. 0-0 Be7 13. Ba3 Nxh4 14. Nxh4 Bxh4 15. b4 Qb6 16. b5 Qd8 17. f4 Be7 18. f5 Nf8 19. bxc6 bxc6 20. cxd5 cxd5 21. Qf3 Qb6 22. Nb3 Bxa3 23. Rxa3 Nd7 24. a5 Qa6 25. fxe6 Qxe6 26. Nc1 g6 27. Ne2 0-0 28. Nf4 Qa6 29. Nxh5 gxh5 30. Qxh5 Qg6 31. Qh3 Qh7 32. Rg3+ Kh8 33. Qxh7+ Kxh7 34. Kf2 1-0

[Event "Eurasia Cup op"]
[Site "Ekaterinburg"]
[Date "2019.08.02"]
[Round "3"]
[White "Vinokur, Yuliya"]
[Black "Postnikov, Daniil"]
[Result "1/2-1/2"]
[WhiteElo "2067"]
[BlackElo "2354"]
[PlyCount "141"]
[EventDate "2019.07.31"]
[EventType "swiss"]
[EventRounds "9"]
[EventCountry "RUS"]
[SourceTitle "CBM 191 Extra"]
[Source "ChessBase"]
[SourceDate "2019.09.30"]
[SourceVersion "1"]
[SourceVersionDate "2019.09.30"]
[SourceQuality "1"]

1. d4 Nf6 2. c4 g6 3. Nc3 d5 4. cxd5 Nxd5 5. e4 Nxc3 6. bxc3 Bg7 7. Bc4 c5 8. Ne2 Nc6 9. Be3 0-0 10. 0-0 Bd7 11. Rb1 Qc7 12. Bd3 Rad8 13. Qc1 f5 14. e5 Be6 15. Rd1 Bxa2 16. Rb2 Bf7 17. f4 c4 18. Bc2 Bd5 19. Ng3 Na5 20. Qa1 b6 21. Nf1 e6 22. Bf2 Bh6 23. Bh4 Bxf4 24. Bxd8 Qxd8 25. Re1 Ba8 26. Bd1 Rf7 27. Rf2 Bh6 28. Ne3 b5 29. Ra2 Qh4 30. Ree2 f4 31. Nf1 f3 32. Rf2 fxg2 33. Rxf7 gxf1Q+ 34. Kxf1 Kxf7 35. Rf2+ Ke8 36. Qxa5 Bc6 37. Qc7 Bd7 38. Qb8+ Qd8 39. Qxa7 Qh4 40. Qa8+ Qd8 41. Qe4 Qg5 42. Qf3 Qc1 43. Kg2 Qg5+ 44. Kh1 Qe3 45. Qa8+ Ke7 46. Qa3+ Ke8 47. Qa8+ Ke7 48. Kg1 Qxc3 49. Qh8 Qxd4 50. Qf6+ Ke8 51. Qh8+ Ke7 52. Qf6+ Ke8 53. Qh8+ Ke7 54. Qf6+ Ke8 55. Bc2 Qa1+ 56. Rf1 Qd4+ 57. Rf2 Qg4+ 58. Kf1 Qh3+ 59. Kg1 Qg4+ 60. Kf1 Qh3+ 61. Kg1 Qg4+ 62. Kf1 Qh3+ 63. Kg1 b4 64. Qh8+ Ke7 65. Qf6+ Ke8 66. Qh8+ Ke7 67. Qf6+ Ke8 68. Qh8+ Ke7 69. Qf6+ Ke8 70. Qh8+ Ke7 71. Qf6+ 1/2-1/2

[Event "Eurasia Cup op"]
[Site "Ekaterinburg"]
[Date "2019.07.31"]
[Round "1"]
[White "Vinokur, Yuliya"]
[Black "Drygalov, Andrey"]
[Result "1-0"]
[WhiteElo "2067"]
[BlackElo "2494"]
[PlyCount "55"]
[EventDate "2019.07.31"]
[EventType "swiss"]
[EventRounds "9"]
[EventCountry "RUS"]
[SourceTitle "CBM 191 Extra"]
[Source "ChessBase"]
[SourceDate "2019.09.30"]
[SourceVersion "1"]
[SourceVersionDate "2019.09.30"]
[SourceQuality "1"]

1. d4 Nf6 2. Nf3 g6 3. g3 Bg7 4. Bg2 0-0 5. 0-0 d5 6. Ne5 c6 7. c4 dxc4 8. Na3 Be6 9. Naxc4 Bd5 10. Qd3 Bxg2 11. Kxg2 Nfd7 12. Nf3 Na6 13. Rd1 Nb6 14. Na5 Nd5 15. Nxc6 Qc7 16. Nce5 Ndb4 17. Qb3 Rad8 18. Bg5 Nd5 19. Rac1 Qb8 20. e4 Nf6 21. Bf4 Rd6 22. Nc4 Nxe4 23. Re1 g5 24. Nxd6 Nxd6 25. Nxg5 Qd8 26. Qd3 Re8 27. Qxh7+ Kf8 28. Be5 1-0

[Event "Urals-ch (Women)"]
[Site "Khanty-Mansiysk"]
[Date "2019.03.15"]
[Round "4"]
[White "Vinokur, Yuliya"]
[Black "Mukhina, Jana"]
[Result "0-1"]
[WhiteElo "2076"]
[BlackElo "2038"]
[PlyCount "90"]
[EventDate "2019.03.12"]
[EventType "swiss"]
[EventRounds "9"]
[EventCountry "RUS"]
[SourceTitle "CBM 189 Extra"]
[Source "ChessBase"]
[SourceDate "2019.06.03"]
[SourceVersion "1"]
[SourceVersionDate "2019.06.03"]
[SourceQuality "1"]

1. d4 Nf6 2. c4 g6 3. Nc3 Bg7 4. e4 d6 5. Be2 0-0 6. Nf3 e5 7. d5 a5 8. Bg5 h6 9. Bh4 g5 10. Bg3 Nh5 11. h4 g4 12. Nh2 Nxg3 13. fxg3 h5 14. 0-0 Na6 15. Bd3 Nc5 16. Bc2 Bd7 17. Qd2 Qe7 18. Rf2 f5 19. exf5 e4 20. f6 Rxf6 21. Qg5 Re8 22. Re2 Rf5 23. Qe3 Re5 24. Rae1 Bf5 25. Nf1 Nd3 26. Rb1 c5 27. dxc6 bxc6 28. Ba4 Qb7 29. Nd2 R8e6 30. Qg5 Qb6+ 31. Kh2 e3 32. c5 Qxc5 33. Nc4 Qxc4 34. Bb3 Qc5 35. Bxe6+ Bxe6 36. Qd8+ Kh7 37. Rd1 Bf5 38. Na4 Qb4 39. Nb6 d5 40. Nc8 Qb8 41. Qb6 Qxc8 42. Rxe3 Rxe3 43. Qxe3 Qe6 44. Qg5 Qg6 45. Qd8 Nxb2 0-1

[Event "Cheliabinsk (Women)"]
[Site "Cheliabinsk"]
[Date "2018.12.15"]
[Round "8"]
[White "Vinokur, Yuliya"]
[Black "Filippova, Darya"]
[Result "0-1"]
[WhiteElo "2170"]
[BlackElo "2066"]
[PlyCount "100"]
[EventDate "2018.12.08"]
[EventType "tourn"]
[EventRounds "9"]
[EventCountry "RUS"]
[SourceTitle "CBM 187 Extra"]
[Source "ChessBase"]
[SourceDate "2018.11.04"]
[SourceVersion "1"]
[SourceVersionDate "2018.11.04"]
[SourceQuality "1"]

1. d4 d5 2. c4 e6 3. Nf3 Nf6 4. g3 dxc4 5. Bg2 a6 6. 0-0 Nc6 7. e3 Bd7 8. Qe2 Bd6 9. Qxc4 0-0 10. Rd1 Rb8 11. Qe2 e5 12. d5 Na7 13. e4 Bg4 14. Be3 Nc8 15. h3 Bh5 16. Nbd2 Qe7 17. Rac1 Nxd5 18. exd5 e4 19. Re1 exf3 20. Nxf3 Re8 21. Qd3 Qd7 22. Bd4 Ne7 23. Ne5 Qd8 24. Bc3 f6 25. Nc4 Bg6 26. Be4 Bc5 27. Bxg6 hxg6 28. b4 b5 29. Nb2 Bb6 30. Re6 Nf5 31. Rce1 Rxe6 32. Rxe6 Qd7 33. g4 Ne7 34. Re1 g5 35. d6 cxd6 36. Qe4 Re8 37. Nd3 Kf8 38. Bd4 Nc8 39. Qd5 Rxe1+ 40. Nxe1 Bxd4 41. Qxd4 Ne7 42. Nd3 Qe6 43. Qb6 Qd5 44. Ne1 Qc6 45. Qd8+ Kf7 46. Nd3 Ng6 47. Qb8 Nh4 48. Ne1 Qc3 49. Qb7+ Ke6 50. Ng2 Nf3+ 0-1